10 rokov po zamatovej revolúcii - Proces rozširovania je nezvratný

Hlavné dôvody procesu európskej integrácie. Zmeny od roku 1998. Postavenie Slovenska v prístupovom procese.

Enregistré dans:
Détails bibliographiques
Auteur principal: Santer, Jacques
Format: Chapitre de livre
Langue:slovaque
anglais
Sujets:
Tags: Ajouter un tag
Pas de tags, Soyez le premier à ajouter un tag!

MARC

LEADER 00000naa a2200000 4500
001 r034616
005 20230922115156.9
041 0 |a slo 
041 0 |a eng 
044 |a SK 
245 1 0 |a 10 rokov po zamatovej revolúcii - Proces rozširovania je nezvratný  |c Jacques Santer 
520 |a Hlavné dôvody procesu európskej integrácie. Zmeny od roku 1998. Postavenie Slovenska v prístupovom procese. 
610 2 0 |a integrácia ekonomická medzinárodná 
610 2 0 |a Európska únia 
610 2 0 |a transformácia 
610 2 0 |a politika hospodárska medzinárodná 
610 2 0 |a reformy hospodárske 
610 2 0 |a Slovensko 
100 1 |a Santer, Jacques